000 00576cam a2200217 i 4500
001 2756402
005 20180820035534.0
008 800617s1980 ilua b 001 0 eng
010 _a 79091097
020 _a087581252X
040 _aDLC
_cDLC
_dDLC
041 _aeng
080 _a300.72
082 0 0 _a300.72
100 1 _a50
101 _aSOC
245 1 0 _aSocial research /
_cby Susan Gustavus Philliber, Mary R. Schwab, G. Sam Sloss.
504 _aIncludes bibliographies and indexes.
906 _a7
_bcbc
_corignew
_du
_eopcn
_f19
_gy-gencatlg
942 _2ddc
_cBK
999 _c47220
_d47220